000 01126cab a2200289 4500
001 ABS56599
008 090401t1997 xxu||||| |||| 00| 0 eng d
035 _a(Sirsi) u24775
041 _aeng
100 _aLewison, K.
245 _aLandlords must give reasons for refusal
260 _c1997
350 _a0
490 _aProperty Week
_v58(5) 7 February 1997, 21(1)
520 _aFor leases drawn-up prior to the introduction of the Landlord and Tenant (Covenants) Act 1995, landlords have to rely on reasonableness when tenants seek to reassign. this article uses case law to show how the Landlord and Tenant Act 1988 imposes various conditions that overlay the law on reasonableness.
650 _aASSIGNMENT OF LEASES
650 _aBLOCKBUSTER ENTERTAINMENT LTD V LEAKCLIFF PROPERTIES LTD
650 _aKENED LTD V CONNIE INVESTMENTS LTD
650 _aLANDLORD AND TENANT (COVENANTS) ACT 1995
650 _aLANDLORD AND TENANT ACT 1988
650 _aLEASES
650 _aREASONABLENESS
650 _aREFUSAL
690 _aLANDLORD AND TENANT-BUSINESS TENANCIES
942 _n0
948 _c04/03/1997
999 _c16623
_d16623